<Les> dix règles d'or du marketing.

Gespeichert in:
Bibliographische Detailangaben
1. Verfasser: Cabane, Pierre
Format: Buch
Sprache:Französisch
Veröffentlicht: Paris EYROLLES 2014
Schlagworte:
Tags: Tag hinzufügen
Keine Tags, Fügen Sie das erste Tag hinzu!

MARC

LEADER 00000nam a2200000 4500
001 0210121
005 20240314094242.5
020 |a 978-2-212-55917-0 
041 0 |a fre 
044 |a FR 
245 1 0 |a <Les> dix règles d'or du marketing.  |c Pierre Cabane 
264 1 |a Paris  |b EYROLLES  |c 2014 
300 |a 272 s. 
610 2 0 |a marketing 
610 2 0 |a trh 
610 2 0 |a spotrebitelia 
610 2 0 |a marketing strategický 
610 2 0 |a produkty 
610 2 0 |a distribúcia 
610 2 0 |a komunikácia 
610 2 0 |a internet 
100 1 |a Cabane, Pierre